3901-とさでん交通の駅 - Statistics

General Stats
  • This quiz has been taken 46 times
  • The average score is 49 of 78
Answer Stats
本線 % Correct
伊野
97%
高知駅前
97%
朝倉
91%
桟橋車庫前
91%
はりまや橋
88%
はりまや橋
88%
伊野駅前
88%
はりまや橋
88%
桟橋通二丁目
88%
桟橋通五丁目
88%
後免町
84%
桟橋通一丁目
84%
桟橋通三丁目
84%
桟橋通四丁目
84%
高知城前
75%
県庁前
75%
後免東町
72%
後免西町
72%
領石通
72%
デンテツターミナルビル前
72%
鏡川橋
72%
朝倉駅前
72%
後免中町
69%
一条橋
69%
知寄町二丁目
69%
知寄町一丁目
69%
高知橋
69%
清和学園前
66%
知寄町三丁目
66%
知寄町
66%
長崎
63%
文珠通
63%
上町一丁目
63%
曙町
63%
県立美術館通
59%
菜園場町
59%
上町二丁目
59%
上町四丁目
59%
上町五丁目
59%
旭駅前通
59%
宇治団地前
59%
蓮池町通
59%
鹿児
56%
高須
56%
曙町東町
56%
咥内
56%
枝川
56%
伊野商業前
56%
梅の辻
56%
葛島橋東詰
53%
堀詰
53%
グランド通
53%
旭町一丁目
53%
旭町三丁目
53%
朝倉神社前
53%
八代通
53%
北山
53%
住吉通
50%
明見橋
50%
北浦
50%
新木
50%
介良通
50%
西高須
50%
枡形
50%
鴨部
50%
中山
50%
東工業前
47%
小篭通
47%
舟戸
47%
東新木
47%
大橋通
47%
蛍橋
47%
鳴谷
47%
宝永町
44%
宮の奥
44%
北内
44%
篠原
41%
田辺島通
41%
No matching quizzes found
Score Distribution
Percent of People with Each Score
Percentile by Number Answered
Your Score History
You have not taken this quiz